Pays les plus proches de la Lettonie - Une minute sprint - Statistiques

Statistiques générales
  • Ce quiz a été pris 166 fois
  • Le résultat moyen est 15 sur 20
Statistiques - réponses
km pays % Correct
0 Estonie
99%
0 Russie
97%
0 Lituanie
95%
213 Finlande
93%
144 Suède
93%
190 Pologne
91%
0 Biélorussie
90%
599 Norvège
86%
497 Allemagne
83%
467 Ukraine
80%
677 Tchèquie
75%
833 Hongrie
72%
385 Danemark
67%
726 Slovaquie
63%
824 Roumanie
59%
862 Autriche
58%
808 Moldavie
44%
1102 Serbie
39%
1073 Slovénie
37%
942 Pays-Bas
31%
Aucun quiz correspondant
Distribution des résultats
% des personnes avec chaque résultat
Percentile par nombre de réponses
Votre historique - résultats
Vous n’avez pas pris ce quiz